000 00747nam a2200253Ia 4500
003 OSt
005 20220925224459.0
006 a|||||r|||| 00| 0
007 ta
008 220923b |||||||| |||| 00| 0 eng d
037 _cGeneral Book
040 _aRTL
_cRTL
_beng
041 _2eng
_aeng
082 _aT2.4653.N6, K5
100 _aBentwich Joseph S
_990771
245 0 _aEducation in Israel
260 _aLondon
_bRoutledge & Kegan Paul U K
_c1965
300 _axiii,204p
_ccm.
490 _aInternaitonal Library Of Sociology And Social Reconstruction
500 _aBib p. 195-98
650 _aSecondary Education
_9171032
942 _hT2.4653.N6, K5
_cGB
_2CC
999 _c581557
_d581557